| 000 | 00726nam a22002411c 4500 | ||
|---|---|---|---|
| 001 | a987673632 | ||
| 008 | 141128s1996 gw a||| 000u rus d | ||
| 020 |
_a5752501482 _95-7525-0148-2 |
||
| 041 | _arus | ||
| 100 | 1 | _aParfent'ev, Nikolaj Pavlovič | |
| 245 | 0 | 0 |
_aDrevnerusskoe pevčeskoe iskusstvo v duchovnoj kul'ture rossijskovo gosudarstva (XVI - XVII vv.) : _bškoly centry mastera |
| 250 | _aReprint von 1991 | ||
| 264 |
_aSvedlovsk : _bisdatel'stvo ural'skovo universiteta, _c1996 |
||
| 300 | _a254 S.: graph. Darst., Ill. | ||
| 650 | 0 | _aGesang | |
| 650 | 0 | _aChor | |
| 650 | 0 | _aKirche | |
| 650 | 0 | _aTraditionale Kultur | |
| 651 | 0 | _aRussland | |
| 942 | _cMG | ||
| 040 | _cRU-10907106 | ||
| 003 | RU-10907106 | ||
| 999 |
_c36552 _d36552 |
||